Misteri air terjun legar

Bibliographic Details
Main Author: Mohamed Diah Isa
Format: Book
Published: Kuala Lumpur : Dewan Bahasa Dan Pustaka , 1995
Subjects:

MARC

LEADER 00000cam a2200000 7i4500
001 0000006848
002 000007377
005 20000330.0
020 |a 9836244247 
090 0 0 |a JF   |b MOH 
100 0 |a Mohamed Diah Isa 
245 1 0 |a Misteri air terjun legar   |c Mohamed Diah Isa 
260 |a Kuala Lumpur :   |b Dewan Bahasa Dan Pustaka ,   |c 1995 
300 |a 116p. :   |b ill. ;   |c 17cm. 
650 0 0 |a Young adult fiction, Malay 
999 |a 051384   |b BUKU   |c PINJAMAN   |e PERPUSTAKAAN KOMUNITI PETALING JAYA 
999 |a 058257   |b BUKU   |c PINJAMAN   |e PERPUSTAKAAN KOMUNITI PETALING JAYA